| Tag |
First Indicator |
Second Indicator |
Subfields |
| LEADER |
00000cam a2200000 4500 |
| 001 |
in00000043109 |
| 005 |
20151007070843.0 |
| 008 |
750717s1959 enka b 00000 eng u |
| 010 |
|
|
|a a 62005788
|
| 035 |
|
|
|a (OCoLC)01454645
|
| 035 |
|
|
|9 AAE4850AM
|
| 040 |
|
|
|c GAT
|d TXA
|d UtOrBLW
|
| 049 |
|
|
|a TXAM
|c [456162]
|
| 090 |
|
|
|a QD33
|b .C28 1959
|
| 092 |
|
|
|a 540
|b C327c, 1959
|
| 100 |
1 |
|
|a Cartmell, E.
|q (Edward)
|
| 245 |
1 |
0 |
|a Chemistry for engineers :
|b an introductory course.
|
| 264 |
|
1 |
|a London :
|b Butterworths Scientific Publications,
|c 1959.
|
| 300 |
|
|
|a 172 pages :
|b illustrations ;
|c 22 cm.
|
| 336 |
|
|
|a text
|b txt
|2 rdacontent
|
| 337 |
|
|
|a unmediated
|b n
|2 rdamedia
|
| 338 |
|
|
|a volume
|b nc
|2 rdacarrier
|
| 504 |
|
|
|a Includes bibliographies.
|
| 650 |
|
0 |
|a Chemistry.
|
| 650 |
|
0 |
|a Chemical engineering.
|
| 999 |
|
|
|a MARS
|
| 999 |
f |
f |
|s 92144a8a-55a0-38a6-b053-1bb6e4567976
|i 120a0412-ffb2-3820-9b4e-bbe9206c03ea
|t 0
|
| 952 |
f |
f |
|p ric
|a Texas A&M University
|b Rellis Campus
|c Joint Library Facility
|d Remote Storage
|t 0
|e QD33 .C28 1959
|h Library of Congress classification
|i unmediated -- volume
|m A14800931290
|
| 998 |
f |
f |
|a QD33 .C28 1959
|t 0
|l Remote Storage
|